The explosion in provincial office rents (Record no. 8169)

MARC details
000 -LEADER
fixed length control field 00798cab a2200229 4500
001 - CONTROL NUMBER
control field ABS38848
008 - FIXED-LENGTH DATA ELEMENTS--GENERAL INFORMATION
fixed length control field 090401t1988 xxu||||| |||| 00| 0 eng d
035 ## - SYSTEM CONTROL NUMBER
System control number (Sirsi) u12754
041 ## - LANGUAGE CODE
Language code of text/sound track or separate title eng
110 ## - MAIN ENTRY--CORPORATE NAME
Corporate name or jurisdiction name as entry element Chesterton Research Department
9 (RLIN) 1928
245 #4 - TITLE STATEMENT
Title The explosion in provincial office rents
260 ## - PUBLICATION, DISTRIBUTION, ETC.
Date of publication, distribution, etc. 1988
350 ## - PRICE (NR) (BK AM CF MU VM SE) [OBSOLETE]
Price 0
490 ## - SERIES STATEMENT
Series statement Perspectives
Volume/sequential designation February/March 1988, 8-9(2)
520 ## - SUMMARY, ETC.
Summary, etc. Reports on the steady increase in office rents September 1986 to October 1987 in Manchester , Liverpool , Newcastle , Birmingham , Leeds , Bristol , Edinburgh , Glasgow , Woking , Reading and Chelmsford .
650 ## - SUBJECT ADDED ENTRY--TOPICAL TERM
Topical term or geographic name entry element CHESTERTONS
650 ## - SUBJECT ADDED ENTRY--TOPICAL TERM
Topical term or geographic name entry element MARKET
650 ## - SUBJECT ADDED ENTRY--TOPICAL TERM
Topical term or geographic name entry element OFFICES
690 ## - LOCAL SUBJECT ADDED ENTRY--TOPICAL TERM (OCLC, RLIN)
Topical term or geographic name as entry element PROPERTY-COMMERCIAL PROPERTY-COMMERCIAL PROPERTY MARKET
942 ## - ADDED ENTRY ELEMENTS (KOHA)
Suppress in OPAC 0
948 ## - LOCAL PROCESSING INFORMATION (OCLC); SERIES PART DESIGNATOR (RLIN)
c (OCLC) 04/03/1997
Holdings
Withdrawn status Lost status Source of classification or shelving scheme Damaged status Not for loan Home library Current library Shelving location Date acquired Total Checkouts Full call number Barcode Date last seen Copy number Price effective from Koha item type
    Dewey Decimal Classification     London London Journal article 14/09/1999   ABS38848 12754-1001 06/08/2019 1 06/08/2019 Journal article